000 00814nam a2200229Ii 4500
003 JO-AjNU
008 230605s9999||||xx |||||||||||||| ||und||
017 _a2011/1693
020 _a978-977-04-6631-2
040 _aJO-AjNU
_bara
_erda
_cJO-AjNU
041 _aara
050 1 4 _aJX1245 2012
100 3 _aالدسوقي، سيد ابراهيم,
_eauthor
_944773
245 0 0 _aالوسيط في القانون الدولي العام: قانون البحار، (الكتاب الرابع)
250 _a(د،ط)
264 3 1 _aالقاهرة: دار النهضة العربية،2012
300 _aالكتاب الرابع، 366ص
336 _atext
_btxt
_2rdacontent
337 _aunmediated
_bn
_2rdamedia
338 _avolume
_bnc
_2rdacarrier
650 4 _aالقانون الدولي العام
_944774
999 _aA19358
_c22926
_d22926